(23) - 50 villes les plus peuplées de la Creuse (23) - Statistiques

Statistiques générales
  • Ce quiz a été pris 21 fois
  • Le résultat moyen est 8 sur 50
Statistiques - réponses
nombre d'habitant ville % Correct
12 955 Guéret
100%
4 978 La Souterraine
79%
3 018 Aubusson
74%
1 236 Boussac
37%
686 Boussac-Bourg
37%
2 364 Bourganeuf
32%
1 096 Dun-le-Palestel
32%
1 577 Felletin
32%
1 558 Gouzon
32%
564 Saint-Sulpice-le-Dunois
32%
1 892 Saint-Sulpice-le-Guérétois
32%
1 394 Ahun
21%
1 277 Évaux-les-Bains
21%
2 566 Sainte-Feyre
21%
1 129 Auzances
16%
769 Bénévent-l'Abbaye
16%
1 357 Bonnat
11%
794 Chambon-sur-Voueize
11%
707 La Courtine
11%
1 167 Le Grand-Bourg
11%
711 Lourdoueix-Saint-Pierre
11%
825 Parsac
11%
565 Royère-de-Vassivière
11%
670 Saint-Laurent
11%
1 019 Ajain
5%
804 Azerables
5%
1 040 Bussière-Dunoise
5%
728 Chénérailles
5%
1 430 Fursac
5%
721 Genouillac
5%
625 Glénic
5%
643 Marsac
5%
687 Naillat
5%
1 116 Saint-Maurice-la-Souterraine
5%
1 718 Saint-Vaury
5%
611 Soumans
5%
718 Budelière
0%
652 Clugnat
0%
663 La Saunière
0%
684 Lavaveix-les-Mines
0%
654 Mérinchal
0%
721 Pionnat
0%
1 039 Saint-Agnant-de-Versillat
0%
1 143 Saint-Dizier-Masbaraud
0%
1 087 Saint-Fiel
0%
559 Saint-Médard-la-Rochette
0%
718 Saint-Priest-la-Feuille
0%
612 Saint-Sébastien
0%
760 Sardent
0%
705 Vallière
0%
Aucun quiz correspondant
Distribution des résultats
% des personnes avec chaque résultat
Percentile par nombre de réponses
Votre historique - résultats
Vous n’avez pas pris ce quiz